|
|
|
|
| LEADER |
02204nam a2200505 i 4500 |
| 001 |
43073 |
| 003 |
BD-DhAAL |
| 005 |
20240910161149.0 |
| 008 |
220407t20222022si ab b 000 0 eng d |
| 010 |
|
|
|a 2022286094
|
| 020 |
|
|
|a 9789811243417
|
| 020 |
|
|
|a 9811243417
|
| 020 |
|
|
|z 9789811243431
|
| 020 |
|
|
|z 9789811243448
|
| 035 |
|
|
|a (OCoLC)on1258149735
|
| 040 |
|
|
|a SINLB
|b eng
|e rda
|c SINLB
|d SINLB
|d OCLCO
|d OCLCF
|d SINLB
|d DLC
|d BD-DhAAL
|
| 042 |
|
|
|a lccopycat
|
| 043 |
|
|
|a a-si---
|
| 050 |
0 |
0 |
|a HT169.S56
|b Y84 2022
|
| 082 |
0 |
4 |
|a 307.1216095957
|2 23
|
| 245 |
1 |
0 |
|a Age-friendly neighbourhood planning and design guidelines :
|b a Singapore case study /
|c Belinda Yuen... [et al.].
|
| 264 |
|
1 |
|a Singapore ;
|a Hackensack, NJ :
|b World Scientific Publishing Co. Pte. Ltd.,
|c ©2022.
|
| 300 |
|
|
|a xiv, 251 pages :
|b illustrations (some color), color maps ;
|c 24 cm.
|
| 504 |
|
|
|a Includes bibliographical references (pages 223-251)
|
| 526 |
|
|
|a ARC
|x RC Md Rashed Bhyuan,
Associate Professor,
Architecture.
Course Name: Urban Design (ARC331) and Design VIII (ARC402).
|
| 541 |
|
|
|e 43073
|
| 650 |
|
0 |
|a Neighborhood planning
|z Singapore.
|9 56796
|
| 650 |
|
0 |
|a City planning
|z Singapore.
|9 56797
|
| 650 |
|
0 |
|a Urban older people
|z Singapore.
|9 56798
|
| 650 |
|
0 |
|a Older people
|z Singapore
|x Social conditions.
|9 56799
|
| 650 |
|
7 |
|a City planning.
|
| 650 |
|
7 |
|a Neighborhood planning.
|9 56800
|
| 650 |
|
7 |
|a Older people
|x Social conditions.
|9 56801
|
| 650 |
|
7 |
|a Urban elderly.
|9 56802
|
| 651 |
|
7 |
|a Singapore.
|9 38380
|
| 700 |
1 |
|
|a Yuen, Belinda K. P.,
|9 56795
|
| 700 |
1 |
|
|a Bhuyan, Md Rashed,
|e author.
|9 56803
|
| 700 |
1 |
|
|a Song, Siqi,
|e author.
|9 56804
|
| 700 |
1 |
|
|a Moogoor, Adithi,
|e author.
|9 56805
|
| 700 |
1 |
|
|a Yap, Winston,
|e author.
|9 56806
|
| 700 |
1 |
|
|a Močnik, Špela,
|e author.
|9 56807
|
| 700 |
1 |
|
|a Chua, Rochelle,
|e author.
|9 56808
|
| 942 |
|
|
|2 ddc
|c BK
|
| 999 |
|
|
|c 46594
|d 46594
|
| 952 |
|
|
|0 0
|1 0
|2 ddc
|4 0
|6 307_121609595700000_AGE
|7 0
|9 76179
|a BRACUL
|b BRACUL
|c GEN
|d 2024-09-10
|e Book Finder International
|g 9941.49
|l 0
|o 307.1216095957 AGE
|p 3010043073
|r 2024-09-10
|t 1
|v 9941.49
|w 2024-09-10
|y BK
|x Requisitioned by Md Rashed Bhuyan for the courses named- "Urban Design (ARC331) and Design VIII (ARC402)"
|